000 00584nam a2200217Ia 4500
005 20250923145032.0
008 008 250917s9999 xx 000 0 eng d
037 _aTextual
040 _aDSWL
_beng
_cDSWL
041 _aeng
_2eng
084 _aS8, J1
_qDSWL
100 _aDewey, R.
_9831127
245 0 _aDevelopment of human behavior
_cby R. Dewey
260 _aNew York
_b Macmillan Co.
_c1951
300 _axv,688 p.
365 _aUSD
_b7.75
700 _aW.J. Humbar
_9831128
925 _g7.75
942 _cTEXL
_hS8, J1
999 _c1446299
_d1446299